Doing what is right: (Record no. 142183)

MARC details
000 -LEADER
fixed length control field 00578nam a22001817a 4500
005 - DATE AND TIME OF LATEST TRANSACTION
control field 20170629154954.0
010 ## - LCCN (DPL NO)
LC control number ENG-119063
020 ## - INTERNATIONAL STANDARD BOOK NUMBER
International Standard Book Number 9789382618072
Terms of availability 445.00
035 ## - SYSTEM CONTROL NUMBER
System control number EN-102599
037 ## - SOURCE OF ACQUISITION
Source of stock number/acquisition DBAD/PUB
082 ## - DEWEY DECIMAL CLASSIFICATION NUMBER
Classification number 332.7095472
100 ## - MAIN ENTRY--PERSONAL NAME
Personal name Gorur, Hemanth
245 ## - TITLE STATEMENT
Title Doing what is right:
Remainder of title the crisil story /
Statement of responsibility, etc by Hemanth Gorur [and] Sumit Chowdhury
260 ## - PUBLICATION, DISTRIBUTION, ETC. (IMPRINT)
Place of publication, distribution, etc New Delhi
Name of publisher, distributor, etc Westland ltd
Date of publication, distribution, etc 2012
270 ## - ADDRESS
Address 93, 1st Floor, Sham Lal Road, Daryaganj, New Delhi-110002
300 ## - PHYSICAL DESCRIPTION
Extent xxiv,135p
Dimensions 21cm.(Hb)
942 ## - ADDED ENTRY ELEMENTS (KOHA)
Source of classification or shelving scheme Dewey Decimal Classification
Item type English Books
Classification part 332.7095472
Call number suffix GOR
Holdings
Withdrawn status Lost status Not for loan Collection code Home library Current library Date acquired Source of acquisition Cost, normal purchase price Full call number Barcode Copy number Cost, replacement price Koha item type
    Not For Loan Non-fiction D.B.Act.Division Bawana 29/06/2017 DBAD/PUB 445.00 332.7095472 GOR EN-102595 1 445.00 English Books

© Delhi Public Library
Hit Counter
free hit counter